[Event "AUT-chT Rapid"]
[Site "Pasching"]
[Date "2025.06.01"]
[Round "3.12"]
[White "Podolskyi, Mykhailo"]
[Black "Movsesian, Sergei"]
[Result "0-1"]
[WhiteElo "2259"]
[BlackElo "2598"]
[PlyCount "66"]
[EventDate "2025.06.01"]
[EventType "team-swiss (rapid)"]
[EventRounds "9"]
[EventCountry "AUT"]
[SourceTitle "CB23_2025"]
[SourceDate "2025.06.04"]
[SourceVersion "1"]
[SourceVersionDate "2025.06.04"]
[SourceQuality "1"]
[WhiteTeam "GOGIEFF"]
[BlackTeam "Linz ASV II"]
[WhiteTeamCountry "UKR"]
[BlackTeamCountry "AUT"]

1. d4 Nf6 2. c4 e6 3. Nf3 d5 4. Nc3 Bb4 5. cxd5 exd5 6. Qa4+ Nc6 7. Bg5 h6 8. Bxf6 Qxf6 9. e3 0-0 10. Bb5 a5 11. 0-0 Ne7 12. Bd3 c6 13. Qb3 Bd6 14. e4 dxe4 15. Nxe4 Qf4 16. g3 Qxf3 17. Nxd6 Bg4 18. h3 a4 19. Qa3 Bh5 20. Nxb7 Nd5 21. Nc5 Rfe8 22. Rae1 Qf6 23. Qxa4 Reb8 24. Qc2 Qxd4 25. Nb3 Qf6 26. Bc4 Rxa2 27. Rb1 Bg6 28. Qd2 Bxb1 29. Rxb1 Qf5 30. Re1 Qxh3 31. Qd4 Qf5 32. Qc5 Rxb2 33. Qxc6 Qxf2+ 0-1

[Event "PlusCity Grand Prix Blitz"]
[Site "Pasching"]
[Date "2025.05.29"]
[Round "3"]
[White "Hansen, Eric"]
[Black "Podolskyi, Mykhailo"]
[Result "1-0"]
[WhiteElo "2609"]
[BlackElo "2259"]
[PlyCount "48"]
[EventDate "2025.05.29"]
[EventType "swiss (blitz)"]
[EventRounds "13"]
[EventCountry "AUT"]
[SourceTitle "CB23_2025"]
[SourceDate "2025.06.04"]
[SourceVersion "1"]
[SourceVersionDate "2025.06.04"]
[SourceQuality "1"]

1. e4 c5 2. Nf3 e6 3. d4 cxd4 4. Nxd4 a6 5. Nc3 b5 6. Bd3 Bb7 7. 0-0 Nc6 8. Nxc6 Bxc6 9. Re1 Qb8 10. a4 bxa4 11. Nxa4 Bd6 12. Qh5 Nf6 13. Qh3 h5 14. Qh4 a5 15. h3 Be5 16. Qg5 Kf8 17. Bd2 Rh6 18. Qe3 Rg6 19. Qb6 Qxb6 20. Nxb6 Rb8 21. Nc4 Bd4 22. Bf4 Rc8 23. Bd6+ Kg8 24. Rxa5 Bxe4 1-0

[Event "Krakow op-A 35th"]
[Site "Krakow"]
[Date "2025.01.03"]
[Round "8"]
[White "Podolskyi, Mykhailo"]
[Black "Iwanczuk, Krzysztof"]
[Result "1/2-1/2"]
[WhiteElo "2319"]
[BlackElo "2105"]
[PlyCount "70"]
[EventDate "2024.12.27"]
[EventType "swiss"]
[EventRounds "9"]
[EventCountry "POL"]
[SourceTitle "CB02_2025"]
[SourceDate "2025.01.08"]
[SourceVersion "1"]
[SourceVersionDate "2025.01.08"]
[SourceQuality "1"]

1. d4 Nf6 2. c4 e6 3. Nf3 d5 4. Nc3 Nbd7 5. cxd5 exd5 6. a3 c6 7. Bg5 Be7 8. Qc2 0-0 9. e3 Re8 10. Bd3 Nf8 11. 0-0 a5 12. Rab1 h6 13. Bh4 Ne4 14. Bxe4 Bxh4 15. Bf5 Bxf5 16. Qxf5 Bf6 17. Na4 Nd7 18. Qc2 Be7 19. Rfc1 Bd6 20. b4 axb4 21. axb4 Qe7 22. b5 Ba3 23. Rd1 Rec8 24. bxc6 bxc6 25. Rb7 Qd6 26. Rxd7 Qxd7 27. Nb6 Qb7 28. Nxa8 Rxa8 29. Rb1 Qc8 30. Ne5 Ra6 31. e4 dxe4 32. Qc4 Ra7 33. Nxc6 Rc7 34. d5 Qf5 35. Re1 Rd7 1/2-1/2

[Event "Krakow op-A 35th"]
[Site "Krakow"]
[Date "2025.01.02"]
[Round "7"]
[White "Grochol, Kamil"]
[Black "Podolskyi, Mykhailo"]
[Result "1/2-1/2"]
[WhiteElo "2141"]
[BlackElo "2319"]
[PlyCount "52"]
[EventDate "2024.12.27"]
[EventType "swiss"]
[EventRounds "9"]
[EventCountry "POL"]
[SourceTitle "CB02_2025"]
[SourceDate "2025.01.08"]
[SourceVersion "1"]
[SourceVersionDate "2025.01.08"]
[SourceQuality "1"]

1. d4 d5 2. c4 e6 3. Nf3 c6 4. cxd5 exd5 5. Nc3 Bd6 6. Bg5 Ne7 7. e3 f6 8. Bh4 Bf5 9. Bd3 0-0 10. Bg3 Qd7 11. Bxd6 Qxd6 12. Bxf5 Nxf5 13. Qd3 Qe6 14. b4 a6 15. 0-0 Nd7 16. a4 b5 17. Nd2 Nd6 18. Nb3 f5 19. Ne2 Nb6 20. Nc5 Qe7 21. Ra2 Ra7 22. Rfa1 Rfa8 23. h4 Nbc4 24. g3 Ne4 25. Nc3 Ned6 26. Kg2 g6 1/2-1/2

[Event "EU-ch U16"]
[Site "Prague"]
[Date "2024.08.30"]
[Round "8"]
[White "Ramaj, Ergit"]
[Black "Podolskyi, Mykhailo"]
[Result "1/2-1/2"]
[WhiteElo "2181"]
[BlackElo "2329"]
[PlyCount "54"]
[EventDate "2024.08.22"]
[EventType "swiss"]
[EventRounds "9"]
[EventCountry "CZE"]
[SourceTitle "CBM 221 Extra"]
[Source "ChessBase"]
[SourceDate "2024.09.30"]
[SourceVersion "1"]
[SourceVersionDate "2024.09.30"]
[SourceQuality "1"]

1. e4 c5 2. Nf3 e6 3. d4 cxd4 4. Nxd4 a6 5. Nc3 b5 6. Bd3 Bb7 7. 0-0 Nc6 8. Nxc6 Bxc6 9. Qe2 Qb8 10. a4 bxa4 11. Nxa4 Nf6 12. Nc3 Bd6 13. f4 0-0 14. e5 Bc5+ 15. Kh1 Nd5 16. Ne4 Be7 17. Qh5 g6 18. Qh6 f5 19. exf6 Bxf6 20. Nxf6+ Rxf6 21. b3 Qf8 22. Qg5 Rf7 23. Bb2 Qe7 24. Qe5 Qf6 25. Qxf6 Nxf6 26. Bxf6 Rxf6 27. Kg1 a5 1/2-1/2

[Event "EU-ch U16"]
[Site "Prague"]
[Date "2024.08.26"]
[Round "5"]
[White "Arnold, Rhys"]
[Black "Podolskyi, Mykhailo"]
[Result "1-0"]
[WhiteElo "2171"]
[BlackElo "2329"]
[PlyCount "165"]
[EventDate "2024.08.22"]
[EventType "swiss"]
[EventRounds "9"]
[EventCountry "CZE"]
[SourceTitle "CBM 221 Extra"]
[Source "ChessBase"]
[SourceDate "2024.09.30"]
[SourceVersion "1"]
[SourceVersionDate "2024.09.30"]
[SourceQuality "1"]

1. e4 c5 2. Nf3 e6 3. d4 cxd4 4. Nxd4 a6 5. c4 Nf6 6. Nc3 Qc7 7. a3 b6 8. Be2 Bb7 9. f3 Be7 10. Be3 0-0 11. Rc1 d6 12. 0-0 Nbd7 13. Kh1 Rac8 14. Qe1 Qb8 15. Qf2 Bd8 16. Rg1 Ne5 17. b3 Qa8 18. Rgd1 Bc7 19. Na4 Ned7 20. Nc3 Ne5 21. Na4 Ned7 22. Nc3 Rfe8 23. Bd3 Ne5 24. Bb1 h6 25. Nde2 Ned7 26. Nd4 Qb8 27. Qg1 Ne5 28. Bd2 Rcd8 29. f4 Ned7 30. Bc2 Nc5 31. Re1 Qa8 32. Qe3 Bc8 33. b4 Ncd7 34. Nf3 Bb7 35. Qe2 Rc8 36. Rcd1 Rcd8 37. Bd3 Rc8 38. Rc1 Rcd8 39. Rcd1 Bb8 40. Bc2 Rc8 41. Rc1 Bc7 42. Bd3 Bb8 43. Bc2 Bc6 44. Bd3 Qa7 45. Rcd1 Bb7 46. Rc1 Qa8 47. Rcd1 Bc7 48. Rc1 Qb8 49. Rcd1 Rcd8 50. Bc2 Qa8 51. Bd3 Nb8 52. Bc1 Nc6 53. Bb2 Nh5 54. Qd2 Nf6 55. Ne2 Nd7 56. Qc3 Nf6 57. Ng3 Ne7 58. Qc2 Nd7 59. Nh5 f6 60. Qf2 Kf7 61. Nd4 Nf8 62. Ng3 Nc6 63. Nc2 Qb8 64. Rf1 Re7 65. Nh5 Nd7 66. Qh4 Rg8 67. Ne3 Qf8 68. f5 Nce5 69. Bc2 Ke8 70. fxe6 Rxe6 71. Nf4 Re7 72. Nfd5 Kd8 73. Nxe7 Qxe7 74. Bb3 g5 75. Qf2 g4 76. Nf5 Qh7 77. c5 Rg5 78. cxd6 Bb8 79. Bc1 Rh5 80. Ng3 Rh4 81. Bd5 Bc8 82. Bb2 Bxd6 83. Be6 1-0

[Event "EU-ch U16"]
[Site "Prague"]
[Date "2024.08.23"]
[Round "2"]
[White "Podolskyi, Mykhailo"]
[Black "Salonen, Aku"]
[Result "1-0"]
[WhiteElo "2329"]
[BlackElo "2171"]
[PlyCount "113"]
[EventDate "2024.08.22"]
[EventType "swiss"]
[EventRounds "9"]
[EventCountry "CZE"]
[SourceTitle "CBM 221 Extra"]
[Source "ChessBase"]
[SourceDate "2024.09.30"]
[SourceVersion "1"]
[SourceVersionDate "2024.09.30"]
[SourceQuality "1"]

1. d4 Nf6 2. c4 e6 3. Nf3 d5 4. Nc3 Bb4 5. cxd5 exd5 6. Qa4+ Nc6 7. Bg5 h6 8. Bxf6 Qxf6 9. e3 0-0 10. Be2 Be6 11. 0-0 a6 12. Qb3 Rfd8 13. Rfc1 Bd6 14. Na4 Na5 15. Qd1 b6 16. Qf1 Bd7 17. Nc3 c6 18. Rab1 Bf5 19. Bd3 Bxd3 20. Qxd3 b5 21. Rc2 Rac8 22. b3 Re8 23. h3 Qe6 24. Ne2 Qe4 25. Qd2 Bb4 26. Qd1 Bd6 27. Ne1 g5 28. Nd3 Qe6 29. Nc5 Bxc5 30. Rxc5 Nb7 31. Rc3 c5 32. dxc5 Rxc5 33. Rbc1 Rec8 34. Rxc5 Rxc5 35. Rxc5 Nxc5 36. Nc3 Qe5 37. Nxd5 Ne6 38. Nb4 Qc3 39. Nxa6 Qa5 40. Nb8 Qxa2 41. Nc6 Qb2 42. Qd5 Qa1+ 43. Kh2 Qf6 44. Kg1 Qa1+ 45. Kh2 Qf6 46. Qxb5 Qxf2 47. Qb8+ Kh7 48. Ne7 Kg7 49. Qe5+ Kf8 50. Nf5 Ke8 51. Qb5+ Kd8 52. Qb8+ Kd7 53. Qd6+ Kc8 54. Ne7+ Kb7 55. Qc6+ Ka7 56. Nc8+ Kb8 57. Nd6 1-0